000 00390nam a22001577a 4500
999 _c12640
_d12640
008 210211b ||||| |||| 00| 0 eng d
082 0 0 _a532
_bP2223
100 _92020
_aParadise, R. S.
245 1 0 _aProblems in hydraulics
_cby R. S. Paradise
250 _a1st ed.
260 _aLondon:
_bBlackie
_c1953
300 _aviii, 342p.
365 _d15.00
650 0 _aHydraulics
942 _cBK